| 000 | 00618nam a22002054a 4500 | ||
|---|---|---|---|
| 999 |
_c2195 _d2195 |
||
| 003 | BD-JhCC | ||
| 005 | 20171030193259.0 | ||
| 008 | 171030s2011 bg ||||| |||| 00| 0 ben d | ||
| 035 | _a(BD-JhCC) | ||
| 040 |
_aBD-JhCC _dBD-JhCC |
||
| 041 | _aben | ||
| 082 |
_a954.92 _bRAH 2011 |
||
| 100 | _aরহমান, মীজানুর | ||
| 245 |
_aঢাকা পুরাণ / _cমীজানুর রহমান |
||
| 260 |
_aঢাকা : _bপ্রথমা প্রকাশনী, _c2011. |
||
| 300 |
_a216 p. : _c21 cm. |
||
| 650 |
_aDhaka (Bangladesh) _xHistory |
||
| 942 |
_2ddc _cBK |
||